Development of E learning facility using webcam based CCTV and open source environment (Record no. 322800)
[ view plain ]
| 000 -LEADER | |
|---|---|
| fixed length control field | 00472 a2200133 4500 |
| 001 - CONTROL NUMBER | |
| control field | 87727 |
| 082 ## - DEWEY DECIMAL CLASSIFICATION NUMBER | |
| Classification number | PR 104 |
| 090 ## - LOCALLY ASSIGNED LC-TYPE CALL NUMBER (OCLC); LOCAL CALL NUMBER (RLIN) | |
| -- | 41186 |
| -- | 41186 |
| 100 ## - MAIN ENTRY--PERSONAL NAME | |
| Personal name | Muddassar Mushtaq, Sqn Ldr ; Junaid Hafeez, Sqn Ldr |
| 245 ## - TITLE STATEMENT | |
| Title | Development of E learning facility using webcam based CCTV and open source environment |
| 260 ## - PUBLICATION, DISTRIBUTION, ETC. | |
| Place of publication, distribution, etc. | Risalpur |
| Name of publisher, distributor, etc. | CAE, PAF Academy Risalpur |
| Date of publication, distribution, etc. | 2012 |
| 300 ## - PHYSICAL DESCRIPTION | |
| Extent | xii, 64p. |
| Accompanying material | Muddassar Mushtaq, Sqn Ldr ; Junaid Hafeez, Sqn Ldr |
| 500 ## - GENERAL NOTE | |
| General note | BE Project Reports |
| 942 ## - ADDED ENTRY ELEMENTS (KOHA) | |
| Institution code [OBSOLETE] | CAE NUST |
| Call number prefix | PR 104 |
| Withdrawn status | Lost status | Damaged status | Not for loan | Collection code | Permanent Location | Current Location | Date acquired | Total Checkouts | Full call number | Barcode | Date last seen | Price effective from | Koha item type |
|---|---|---|---|---|---|---|---|---|---|---|---|---|---|
| College of Aeronautical Engineering (CAE) | College of Aeronautical Engineering (CAE) | 04/03/2017 | PR 104 | CAEPR-104 | 04/05/2017 | 04/05/2017 | Book |
